[Event "Recklinghausen"]
[Site "Recklinghausen"]
[Date "1998.08.30"]
[Round "6"]
[White "Henrichs, Thomas"]
[Black "Graf, Alexander"]
[Result "0-1"]
[WhiteElo "2445"]
[BlackElo "2625"]
[Annotator "Ribli,Z"]
[PlyCount "78"]
[EventDate "1998.07.25"]
[EventType "tourn"]
[EventRounds "9"]
[EventCountry "GER"]
[EventCategory "12"]
[SourceTitle "CBM 067"]
[Source "ChessBase"]
[SourceDate "1998.11.30"]
[SourceVersion "2"]
[SourceVersionDate "1998.11.01"]
[SourceQuality "1"]

{[%mdl 64]} 1. Nf3 d5 2. c4 e6 3. g3 Nf6 4. Bg2 Be7 {Schwarz vermeidet die
mögliche Vereinfachungen. Er möchte eine verwickelte Partie spielen, denn der
Gegner hat "nur" 2445 Elo-Punkte. Ribli.} (4... dxc4 $5 5. Qa4+ Nbd7 6. Qxc4)
5. O-O O-O 6. b3 (6. d4 {Dieser Zug führt zu Katalanischen Eröffnung.}) 6... b6
7. Bb2 Bb7 8. e3 Nbd7 9. Qe2 Re8 {Eine selten gespielte Fortsetzung. Schwarz
beabsichtigt ...Bf8 und möglicherweise ...e6-e5.} (9... c5) 10. Nc3 (10. Rd1
Bd6 (10... c5 11. d3 Bf8 12. Nc3 e5 13. e4 d4 14. Nd5 g6 15. Bc1 Nxd5 16. cxd5
Bg7 17. Bh3 Nf8 18. Bg5 f6 19. Bd2 f5 20. Bg5 Bf6 21. Bh6 fxe4 22. dxe4 Bg7 23.
Bg5 Bf6 24. Bh6 Bg7 25. Bg5 {1-0 Kassabe,E-Liang Jinrong/Dubai olm 1986 (49)})
(10... Qc8 11. Nc3 c5 12. Rac1 Bc6 13. d4 Qb7 14. Ne5 {1-0 Krivokapic,
R-Landuyt,E/Capelle 1995 (59)}) 11. d4 (11. Nc3 a6 12. d3 Ne5 13. Ne1 Ng6 14.
f4 Rb8 15. Nf3 e5 16. fxe5 Bxe5 17. Nxe5 Nxe5 18. cxd5 Nxd5 19. Nxd5 Bxd5 20.
e4 Bb7 21. d4 {1-0 Zaichik,G-Hedke,P Badenweiler 1990 (34)}) 11... Qe7 12. Nc3
a6 13. Rac1 Rad8 14. Nh4 g6 15. e4 dxe4 16. Nxe4 Nxe4 17. Bxe4 Bxe4 18. Qxe4 e5
19. Nf3 exd4 20. Qxd4 Ne5 21. Nxe5 Bxe5 22. Qxe5 {1/2-1/2 Watson,J-Tarjan,J/
Lone Pine 1981 (22)}) 10... Bf8 (10... Ne4 11. Rfd1 (11. Rad1 Bf6 12. d4 Nxc3
13. Bxc3 c5 14. cxd5 exd5 15. Qb2 Rc8 16. dxc5 bxc5 17. Bxf6 Nxf6 18. Rc1 Qb6
19. Rfd1 Rc7 20. Ne5 h6 21. Nd3 Rd8 22. Nf4 Rcd7 23. Qc2 d4 24. Qxc5 Qxc5 25.
Rxc5 Bxg2 26. Kxg2 dxe3 27. Rxd7 Rxd7 28. Rc8+ Kh7 29. Rc2 Rd2 {0-1 Maus,S-Lau,
R/BL9091 (40)}) 11... Bf6 12. Rac1 Nxc3 13. dxc3 Qe7 14. cxd5 Bxd5 15. e4 Bc6
16. e5 Bxf3 17. exf6 Bxe2 18. fxe7 Bxd1 19. Rxd1 {[%csl Gd1,Ge7,Gg2] 1-0
Stryjecki,M-Harasta,V/Bratislava 1996 (19)}) 11. d4 (11. Rfd1 Ne4 12. d3 Nxc3
13. Bxc3 c5 14. cxd5 exd5 15. d4 Rc8 16. dxc5 bxc5 17. Qb2 Qe7 18. Ne1 Nb6 19.
a4 Rcd8 $13 {1-0 Szmetan-Cuasnicu/Buenos Aires 1973 (57)}) 11... dxc4 (11... c5
12. Ne5 $14 {[%csl Rb7,Gg2][%cal Gg2b7]}) 12. bxc4 $14 {Weiß hat Raumvorteil
und eine harmonische Aufstellung.} c5 13. d5 $1 {Weiß opfert zeitweilig einen
Bauern, den er mit besserem Spiel zurückgewinnt.} (13. Rad1 cxd4 14. exd4 Rc8
$11 {[%csl Rc4][%cal Gc8c3]}) 13... exd5 (13... e5 $2 {Das ist ein
positioneller Fehler.} 14. e4 $14 {Schwarz hat kein Gegenspiel.}) 14. Nh4 {
[%cal Gg2b7] Ein aus der Damenindischen Verteidigung bekanntes Motiv.} Ne5 15.
Nxd5 (15. Rad1 Nxc4 16. Qxc4 (16. Nxd5 Nxb2 17. Nxf6+ Qxf6 18. Bxb7 Nxd1 $19)
16... dxc4 17. Rxd8 Raxd8 18. Bxb7 Rd2 $17 {Schwarz hat Turm und zwei Bauern
für zwei Leichtfiguren. Die weiße Figurenkoordination ist schlecht, während
die schwarzen Bauern am Damenflügel gefährlich sind.}) 15... Nxd5 16. Rad1 {
[%cal Gd1d8]} Qc8 (16... Nf4 17. exf4 (17. gxf4 Qxh4 18. Bxb7 Ng4 $132) 17...
Nc6 18. Qg4 $36 {[%csl Gb2,Gd1,Rd8,Gg2,Gg4,Rg8,Gh4]}) 17. Bxd5 (17. cxd5 Ba6 {
[%cal Ra6f1]}) 17... Rb8 18. f4 $6 (18. e4 $5 $14 Qg4 19. f3 {[%cal Gh4f5]})
18... Bxd5 19. cxd5 (19. Bxe5 Rxe5 20. fxe5 Be6 $44 {[%csl Rc4,Re3,Re5,Ge6,Gf8,
Rh4] Schwarz hat eine Qualität weniger, aber die weißen Bauern sind schwach.})
19... Ng6 $13 20. Nxg6 hxg6 21. e4 c4 {[%csl Gb6,Gc4,Gc8,Re2,Ge8,Rg1][%cal
Ge8e2] Weiß hat großes Übergewicht im Zentrum, aber die schwarzen Bauern am
Damenflügel sind auch gefährlich.} 22. Bd4 (22. Be5 Qc5+ 23. Rf2 (23. Bd4 Qxd5
$17 {[%cal Ge8e2]}) 23... Rbc8 $15) 22... Qd7 23. Qg2 (23. Qxc4 $6 Rxe4 24.
Rfe1 Rxe1+ 25. Rxe1 Rd8 $15 {[%csl Rd5]}) 23... Rbd8 {Schwarz verhindert
zunächst den weißen Bauernvorstoß e4-e5, um dann ...b5-b4-c3 zu spielen.} 24.
g4 b5 25. g5 b4 $15 {Weiß hat trotz des Raumvorteils nicht greifbares im
Zentrum oder am Königsflügel.} 26. f5 (26. Rc1 c3 $15) 26... c3 (26... gxf5 27.
Rxf5) 27. Rd3 (27. fxg6 fxg6 $15) 27... gxf5 28. Rxf5 Rc8 {[%csl Gc3,Gc8] Mit
der Unterstützung durch den Turm wird der starke schwarze Freibauer besonders
gefährlich.} 29. Rf1 Rc4 $1 {[%cal Gc4e4] Schwarz fesselt den weißen Läufer
und in einigen Varianten droht auch ein Qualitätsopfer auf d4.} (29... a5 $6
30. g6 fxg6 31. e5 $13 {[%csl Gd5,Ge5]}) 30. g6 fxg6 $17 (30... f6 {[%csl Gg6]
Die schwarze Königstellung scheint verteidigungsfähig, aber die
Partiefortsetzung ist noch besser.}) 31. e5 {[#]} (31. Qxg6 Rxd4 32. Rxd4 Bc5
33. Rfd1 c2 $19) 31... Rxd4 $1 32. Rxd4 Bc5 {[%cal Rc5g1]} 33. Qe4 {[#]} Qd6 {
[%cal Ge8e4] Ein schönes Motiv, das die unglückliche Aufstellung der weißen
Figuren nachweist.} 34. e6 (34. Re1 Rxe5 35. Qxe5 Qxe5 36. Rxe5 Bxd4+ $19) (34.
exd6 Rxe4 35. d7 Bxd4+ 36. Kg2 Bb6 $19) 34... Bxd4+ 35. Qxd4 Rxe6 $19 {Schwarz
besitzt zwei Mehrbauern. Sein starker c-Freibauer und die schwache weiße
Königsstellung entscheiden den Kampf.} 36. Qxa7 (36. Qc4 Re5 $19) 36... Re2 {
[%csl Rg1][%cal Rd6h2]} 37. Qf7+ Kh7 38. Rf4 {[%cal Rf4h4,Rh4h7]} Kh6 (38... c2
39. Rh4#) 39. Rh4+ Kg5 {und Weiß gab in hoffnungsloser Stellung auf.} 0-1

[Event "American Continental 2nd"]
[Site "Buenos Aires"]
[Date "2003.08.23"]
[Round "6"]
[White "Spangenberg, Hugo"]
[Black "Onischuk, Alexander"]
[Result "0-1"]
[WhiteElo "2495"]
[BlackElo "2657"]
[Annotator "Ribli,Z"]
[PlyCount "67"]
[EventDate "2003.08.17"]
[EventType "swiss"]
[EventRounds "11"]
[EventCountry "ARG"]
[SourceTitle "CBM 097"]
[Source "ChessBase"]
[SourceDate "2003.11.11"]
[SourceVersion "1"]
[SourceVersionDate "2003.11.11"]
[SourceQuality "1"]

1. Nf3 Nf6 2. c4 e6 3. g3 d5 4. b3 c5 5. Bg2 Nc6 6. O-O Be7 7. e3 {Das ist
eine gute Zugfolge für Weiß - im Falle von 7.Bb2? kann Schwarz 7...e5 spielen
und nach 8.e3 kommt schon 8...e5, wonach Schwarz etwas besser steht wegen des
eingeschlossenen b2-Läufers.} O-O 8. Bb2 d4 {Mit diesem Zug gewinnt Schwarz
Raum im Zentrum und schließt den b2-Läufer ein.} (8... b6 9. Nc3 Ba6 (9... Bb7)
) 9. exd4 cxd4 10. Re1 Ne8 {[%cal Gf7f6,Ge6e5] Schwarz möchte im Folgenden
seine Zentrumstellung mit f6 und e5 verstärken.} (10... Re8 11. d3 Bf8 12. a3
a5 13. Ne5 Nxe5 14. Rxe5 $14) 11. Ne5 (11. d3 f6) 11... Nxe5 12. Rxe5 f6 13.
Re1 e5 14. d3 Nc7 15. Ba3 (15. Na3 a5 16. Nc2 Na6 17. a3 Nc5 18. b4 Na4 $11)
15... Ne6 {[%cal Ge6c5][%mdl 4] Schwarz nimmt nicht von selbst auf a3, wonach
der weiße Springer mit Tempo ins Spiel käme.} 16. Qc1 (16. Bxe7 Qxe7 17. Nd2
Kh8 $11) 16... Kh8 {Ein guter prophylaktischer Zug - Schwarz verbessert seine
Königsstellung.} 17. Nd2 Rb8 18. Ne4 b6 {[%cal Gc8b7,Gb7h1]} 19. Rb1 (19. Bxe7
$5 Qxe7 20. f4 exf4 21. gxf4 Qc7 22. Rf1 $11) 19... Bb7 {Der b7B neutralisiert
den Bg2 und nachfolgend muss Weiß immer mit f6-f5 rechnen.} 20. Bxe7 Qxe7 21.
b4 g5 $1 $15 {[%csl Gd4,Ge5,Gf6,Gg5][%cal Gf6f5][%mdl 32] Das ist ein sehr
starker, aber typischer Zug in solchen Stellungen - Schwarz mobilisiert seine
Mehrheit am Königsflügel und bereitet den Bauernsturm vor. Die andere Idee des
Zuges ist, dass Weiß nicht mehr f2-f4 ziehen kann.} 22. Qd1 Rg8 23. h3 f5 24.
Nd2 {[#]} Nf4 $1 {[%cal Gg8g1] Ein schönes Springeropfer, wonach Schwarz sehr
starken Angriff bekommt.} (24... Bxg2 25. Kxg2 Rbe8 $15 26. Rxe5 $4 Nf4+ 27.
gxf4 gxf4+ $19) 25. Bf1 $2 {Dieser Läuferzug ist passiv - gut oder schlecht,
Weiß muss das Springeropfer annehmen.} (25. gxf4 gxf4 26. f3 Rxg2+ (26... Rg3
27. Kh2 Rbg8 28. Rg1 Qh4 29. Qe2 $16) (26... Qh4 27. Re2 Qxh3 $13) 27. Kxg2
Rg8+ (27... Qh4 28. Rh1 $18) 28. Kh1 $1 (28. Kf1 Qg7 $19) (28. Kh2 Qh4 29. Rg1
(29. Re2 Qg3+ 30. Kh1 Bxf3+ 31. Nxf3 Qxf3+ 32. Kh2 Qg3+ 33. Kh1 f3 34. Rh2 f2
$19) 29... Qf2+ 30. Kh1 Rg3 31. Rxg3 fxg3 32. Qg1 Qxd2 33. Qxg3 f4 34. Qg2 Qxd3
$17) 28... Rg3 (28... Qh4 29. Re2 Rg3 30. Rh2 Rxf3 31. Qxf3 (31. Nxf3 Qg3 $132)
31... Bxf3+ 32. Nxf3 Qg3 33. Nxe5 Qe3 34. Nf7+ Kg7 35. Nd6 Kf6 36. c5 $36) 29.
Re2 Rxh3+ 30. Rh2 Rxh2+ 31. Kxh2 Qh4+ 32. Kg1 Qg3+ $11) 25... g4 $1 $17 26. h4
(26. gxf4 gxh3+ 27. Kh2 Qh4 $19) 26... Ba8 {[%cal Re7b7,Ra8h1] Plötzlich droht
27...Qb7 und Weiß hat keine Verteidigung mehr.} 27. Kh2 Qb7 28. f3 gxf3 29.
Qxf3 (29. gxf4 Qg7 $19) (29. Rxe5 Nh5 30. Qxf3 Qg7 $19) 29... Qg7 (29... Qc7
30. Qf2 Nh5 $19) 30. Qf2 Nh5 {[%csl Rg3] Der g3P ist nicht zu verteidigen.} 31.
Nf3 Nxg3 $19 {[%csl Rh2]} 32. Bh3 Bxf3 33. Qxf3 e4 34. Qf4 (34. Qf4 Nh5 35. Qf2
Qe5+ $19) 0-1

[Event "Seville op"]
[Site "Seville"]
[Date "1992.??.??"]
[Round "8"]
[White "Danailov, Silvio"]
[Black "Zlotnik, Boris A"]
[Result "0-1"]
[WhiteElo "2445"]
[BlackElo "2455"]
[Annotator "Ribli,Z"]
[PlyCount "86"]
[EventDate "1992.??.??"]
[EventType "swiss"]
[EventRounds "9"]
[EventCountry "ESP"]
[SourceTitle "CBM 029"]
[Source "ChessBase"]
[SourceDate "1992.08.01"]
[SourceVersion "1"]
[SourceVersionDate "1992.08.01"]
[SourceQuality "1"]

1. Nf3 Nf6 2. c4 e6 3. g3 b6 4. Bg2 Bb7 5. O-O Be7 6. b3 O-O 7. Bb2 d5 8. e3 c5
9. Nc3 Nbd7 10. d3 (10. Qe2 $5) 10... a6 (10... Rc8 $5 11. Qe2 Qc7 $13) 11. Qe2
Qc7 12. Rac1 (12. e4 d4 13. Nd1 b5 14. Nd2 Nb6 15. f4 bxc4 16. Nxc4 Nxc4 17.
bxc4 Rab8 $13 {Bagirov,V-Kholmov,R Moscow Veteran 1991 CBM/25}) 12... Rac8 13.
Rfd1 Qb8 14. cxd5 Nxd5 15. Nxd5 Bxd5 16. e4 Bb7 17. d4 Rfe8 $1 18. dxc5 (18. a3
$5) 18... Nxc5 19. Nd4 Qa8 $1 20. f3 Red8 $10 21. Bh3 Bg5 $1 22. Rb1 Rc7 23.
Nc2 a5 24. Rxd8+ Qxd8 25. Rd1 Rd7 $1 26. Rxd7 Qxd7 27. Bd4 Ba6 $1 28. Qd1 a4
29. b4 $6 (29. bxa4 Nxa4 $15) 29... Nb3 $1 $17 30. Bf1 (30. axb3 axb3 31. Ne1
Be3+ $19) 30... Bxf1 31. Kxf1 e5 32. axb3 axb3 33. Ne1 b2 34. Qc2 exd4 35. Qxb2
d3 36. Qb3 d2 37. Nd3 Qh3+ 38. Kg1 Be3+ 39. Nf2 Bxf2+ 40. Kxf2 Qxh2+ 41. Ke3
Qxg3 42. Kxd2 h5 43. Qc3 Kh7 0-1

[Event "American Continental 2nd"]
[Site "Buenos Aires"]
[Date "2003.08.26"]
[Round "8"]
[White "Szmetan, Jorge"]
[Black "Nogueiras Santiago, Jesus"]
[Result "0-1"]
[WhiteElo "2408"]
[BlackElo "2521"]
[Annotator "Ribli,Z"]
[PlyCount "58"]
[EventDate "2003.08.17"]
[EventType "swiss"]
[EventRounds "11"]
[EventCountry "ARG"]
[SourceTitle "CBM 097"]
[Source "ChessBase"]
[SourceDate "2003.11.11"]
[SourceVersion "1"]
[SourceVersionDate "2003.11.11"]
[SourceQuality "1"]

1. Nf3 Nf6 2. c4 e6 3. g3 d5 4. b3 {Mit diesem Zug vermeidet Weiß die
prinzipiellen Varianten der Katalanischen Eröffnung mit 4.d4 und strebt nach
kompliziertem Spiel.} Be7 5. Bg2 O-O 6. O-O b6 7. Bb2 Bb7 8. e3 Nbd7 9. Qe2 (9.
Nc3) 9... a5 {[%cal Ga5a4] Schwarz bereitet a5-a4 vor und möchte die
natürliche Entwicklung des weißen Damenflügels stören.} 10. d4 (10. Nc3 a4 11.
d4 (11. Nxa4 dxc4 $15 12. Qxc4 $2 Ba6 $17) 11... a3 12. Bc1 Bb4 13. Bd2 Qe7 14.
Rfd1 (14. Rac1 Rac8 15. Rfd1 Rfd8 16. Ne5 c6 17. Nxd7 Nxd7 18. e4 dxe4 19. Nxe4
Bxd2 20. Rxd2 c5 21. Rcd1 {1/2-1/2 Plaskett,J-Parker,J/England 1999/EXT 2000 
(62)}) 14... Rfd8 15. Rac1 c6 16. Qe1 c5 17. cxd5 exd5 18. Ne2 Bxd2 19. Rxd2
Ne4 20. Rdc2 Nb8 21. Ne5 Na6 22. Nd3 Rac8 23. Nc3 Nxc3 24. Rxc3 {1-0 Rotstein,
A-Godena,M/Bolzano 2000/CBM 77 ext (36)}) 10... a4 11. Nbd2 {Das ist die
natürliche Springerentwicklung, aber die Alternative 11.Na3 scheint mir besser,
wonach Schwarz nicht mehr a4-a3 spielen kann.} (11. Na3 Ne4 12. Nd2 (12. Ne1 $5
) 12... Nxd2 13. Qxd2 Nf6 14. Rfc1 Qd7 15. b4 Ne4 16. Qe1 f5 17. c5 b5 18. Qe2
c6 19. f3 Ng5 20. Nc2 Rae8 21. Ne1 Bf6 22. Nd3 Nf7 {1/2-1/2 Demina,J-Zaitseva,
L/Elista 1996/EXT 2000 (49)}) 11... Ra7 $5 {[%cal Ga7b7,Gd8a8][%mdl 4] Schwarz
verteidigt vorher den Bb7 und eventuell kann er mit Qa8 fortsetzen..} (11...
Ne4 12. Nxe4 dxe4 13. Nd2 Nf6 14. f3 exf3 15. Bxf3 Bxf3 16. Qxf3 c5 17. Ne4 {
1/2-1/2 Gross,S-Steinbacher,M/Koetzting 1988/EXT 2001 (32)}) 12. Ne5 Bb4 $11 (
12... Nxe5 13. dxe5 Nd7 14. Rfd1 $11) 13. Rfc1 (13. Nd3 $5) 13... a3 (13...
Bxd2 $5 14. Qxd2 Nxe5 (14... dxc4 15. Nxc4 (15. Nxd7 Qxd7 16. Bxb7 Rxb7 17.
bxc4 b5 $36) 15... Bxg2 16. Kxg2 $11) 15. dxe5 Ne4 $36) 14. Bc3 Bxc3 15. Rxc3
Nxe5 16. dxe5 Nd7 (16... Ne4 $11) 17. f4 (17. cxd5 exd5 18. f4 Nc5 $11) 17...
Nc5 {[%cal Gd5d4,Gc5e4]} 18. Nf3 $6 (18. b4 d4 (18... Ne4 19. Nxe4 (19. Bxe4
dxe4 20. Nb3 $13) 19... dxe4 20. Rd1 Qe7 21. b5 Raa8 $11) 19. exd4 (19. Rcc1
Bxg2 20. Kxg2 d3 21. Qf3 Na6 $36) 19... Qxd4+ 20. Qe3 Qxe3+ 21. Rxe3 Bxg2 22.
bxc5 Rd8 $36) 18... dxc4 19. bxc4 (19. Rxc4 $2 Ba6) (19. Qxc4 Qa8 $15 (19...
Ne4 20. Rd3 Qa8 $15)) 19... Bxf3 $1 20. Bxf3 Qe7 $15 {[%csl Gc5] Nach einigen
Vereinfachungen hat Schwarz einen ausgezeichneten, "ewigen" Springer auf c5,
während der weiße Läufer nur scheinbar aktiv ist.} 21. Rd1 Na4 22. Rb3 (22.
Rcd3 Nb2 (22... Qc5 $15) 23. Rd7 Qb4 $15) 22... g6 23. Rd4 Nb2 {[%csl Ga3,Gb2]
Der b2N steht gut - Weiß muss immer den c4-Bauern verteidigen.} 24. Qd2 $2 (24.
Bc6 $5 Qc5 25. Qf3 $132 Nxc4 $4 26. Rb5 $18) 24... c5 {[%csl Rd4]} 25. Re4 {
[%csl Re4]} Rd8 26. Qc2 Qd7 $17 {[%cal Rd8d2][%mdl 2048] Schwarz kontrolliert
die einzige offene Linie, während Weiß keine Verteidigung gegen Qd2 hat.} 27.
Rxb6 {Weiß hat einen Bauern mehr, aber das hat keine Bedeutung.} Qd2 28. Qb3 (
28. Qxd2 Rxd2 29. Rd6 Rc2 $19 {Der Pc4 hängt, Pa2 ist schwach und der Re4
steht katastrophal schlecht.}) 28... Nd3 $19 {[%csl Gd2,Gd3][%cal Rd2f2,Rf2g1]}
29. Qd1 Nf2 {[%csl Re4][%cal Rf2e4] Der einfachste Weg zum Sieg, aber Schwarz
hat schon einige gute Möglichkeiten.} (29... Qf2+ $5 30. Kh1 Nxe5 31. Qxd8+ Kg7
$19) (29... Nf2 30. Qxd2 Rxd2 $19) 0-1

[Event "EU-Cup 21st"]
[Site "Saint Vincent"]
[Date "2005.09.18"]
[Round "1.2"]
[White "Tisdall, Jonathan D"]
[Black "Horvath, Adam"]
[Result "0-1"]
[WhiteElo "2442"]
[BlackElo "2545"]
[Annotator "Ribli,Z"]
[PlyCount "98"]
[EventDate "2005.09.18"]
[EventType "team-swiss"]
[EventRounds "7"]
[EventCountry "ITA"]
[SourceTitle "CBM 110"]
[Source "ChessBase"]
[SourceDate "2006.01.31"]
[SourceVersion "1"]
[SourceVersionDate "2006.01.31"]
[SourceQuality "1"]
[WhiteTeam "Asker"]
[BlackTeam "Zalaegerszeg"]
[WhiteTeamCountry "NOR"]
[BlackTeamCountry "HUN"]

1. Nf3 Nf6 2. c4 e6 3. b3 d5 4. Bb2 Be7 5. g3 O-O 6. Bg2 c6 {Die schwarze
Spielweise ähnelt der Katalanischen Verteidigung, mit dem Unterschied, dass
Weiß nicht d2-d4 spielt. Nach meiner Meinung bietet die klassische Fortsetzung
6...c5 für Schwarz gute Ausgleichschancen.} (6... c5 7. O-O (7. cxd5 Nxd5 (7...
exd5 8. d4 $14) 8. O-O Nc6 9. Nc3 Bf6 $11) 7... d4 8. e3 Nc6 9. exd4 cxd4 10.
Re1 Ne8) 7. O-O Nbd7 8. d3 a5 9. Nc3 (9. Nbd2 a4 10. Qc2 Re8) (9. a3 b5) 9...
Nc5 10. Qc2 (10. Rb1 $5) 10... Re8 $5 (10... Qc7 11. Rac1 Rd8 12. d4 Nce4 13.
Na4 Nd7 14. c5 Bf8 15. Ne1 Nef6 16. Nd3 Re8 17. Rfe1 h5 18. Ne5 h4 19. e4 {
1-0 Magerramov,E-Ghorbani,M/Abudhabi 2000/(39)}) 11. Rad1 (11. Rab1 $5 h6 (
11... a4 12. b4 a3 13. bxc5 axb2 14. d4) 12. Rfd1 Qc7 13. e4 dxe4 14. Nxe4 Ncd7
15. Nc3 e5 16. d4 exd4 17. Nxd4 Bf8 18. Nf5 Ne5 19. Ne4 Nxe4 20. Qxe4 Bxf5 21.
Qxf5 {1-0 Sarno,S-Leoncini,M/Formia 1994/EXT 99 (39)}) (11. d4 Nce4 12. Ne5
Nxc3 13. Bxc3 Ra6 $6 14. Rad1 {1-0 Patriarca,L-Alzate,D/Buenos Aires 2005/(37)}
) 11... a4 $5 {[%mdl 4] Eine interessante Fortsetzung, die zu Komplikationen
führt.} 12. b4 (12. d4 axb3 13. axb3 Nce4 14. Ra1 $14) 12... a3 13. bxc5 (13.
Bc1 Na6 14. b5 cxb5 15. Nxb5 (15. cxb5 Nb4 16. Qb3 Bd7 17. Bxa3 Qa5 $44) 15...
Bd7 16. Nxa3 Nb4 17. Qb1 Qa5 $44) 13... axb2 14. d4 b6 (14... dxc4 15. Ne5 $36)
15. cxb6 Qxb6 16. c5 (16. Rb1) 16... Qb4 17. Rb1 Ra3 (17... Rb8 18. Nd1 $16)
18. Nd1 Ba6 $5 {[%csl Ga6][%cal Ga6f1] Schwarz nimmt nicht den b2-Bauern, da
er das Spiel nicht vereinfachen möchte.} (18... Rxa2 19. Rxb2 Rxb2 20. Nxb2 $14
{[%cal Gb2d3]}) 19. Rxb2 Qa5 20. Ne5 Bb5 21. Bf3 Ra8 {[%cal Ga8a2] Schwarz
verfügt über die Kontrolle der a-Linie.} 22. Qd2 Qxd2 23. Rxd2 Bd8 $5 $44 {
[%csl Ga3,Ga8,Gb5,Gd8][%cal Gd8a5,Ga5d2][%mdl 2048] Weiß hat zwar einen Bauern
mehr, aber Schwarz hat sehr aktives Figurenspiel; sein letzter Zug verbessert
seine Läuferstellung, da er über a5 stark ins Spiel kommt.} (23... Rxa2 $2 24.
Rxa2 Rxa2 25. Nc3 Rb2 26. Nxb5 cxb5 27. Ra1 $16) (23... Ne4) 24. Ne3 (24. Rc2
Ba5 25. e3 Bc7 (25... Bxf1 26. Kxf1 Rc8 27. Rb2) 26. Be2 Bxe2 27. Rxe2 Bxe5 28.
dxe5 Nd7 $17) 24... Ba5 25. Rc2 Bc3 {[%csl Gc3]} 26. Rd1 R8a4 $1 $17 {[%csl
Rd4][%cal Ra4d4] Der d4P ist der Zielpunkt des schwarzen Spiels.} (26... Ba4
27. Rd3 Bb4 (27... Bxc2 $2 28. Nxc2 $18) 28. Rxa3 Bxa3) 27. Nd3 Bxd4 (27...
Rxd4) 28. Nc1 Nd7 {[%cal Gd7c5,Gd7e5]} 29. Nb3 Bxe3 30. fxe3 Ne5 {[%csl Ge5]
Die Stellung ist materiell ausgeglichen, aber Schwarz verfügt über ein
aktiveres Figurenspiel und eine bessere Bauernstruktur.} (30... Rxa2 31. Rxa2
Rxa2 32. Nd4 Ba4 $19) (30... Bc4 $19) 31. Nd4 Bc4 32. Rb1 g6 33. Rb8+ (33. Rb6
Rxe3 34. Nxc6 Nd7 $19) 33... Kg7 34. Rc8 Ra5 35. Rc7 (35. Nxc6 Rxc5 36. Ne7
Rxc8 37. Nxc8 Rxa2 38. Rxa2 Bxa2 $19) 35... Kf6 (35... Rxc5 $4 36. Nxe6+ $18)
36. Rc1 Rxa2 37. Kg2 (37. Nxc6 Rxc5 38. Nb4 Rxc7 39. Nxa2 Rb7 $19) 37... Ra7
38. Rc8 Ra8 39. Rc7 R2a7 40. Rxa7 Rxa7 41. e4 Ra5 42. exd5 cxd5 43. c6 Rc5 44.
e4 Nxf3 (44... Nxc6 45. Nxc6 Rxc6 46. exd5 exd5 $19) 45. Nxf3 Rxc6 $19 {
Mit zwei Bauern mehr steht Schwarz auf Gewinn.} (45... dxe4 $4 46. Nd2) 46. e5+
Kg7 47. Nd4 Ra6 48. Rb1 Ra2+ 49. Kf3 Rd2 $1 (49... Rxh2 50. Rb7) 0-1

[Event "Tel Aviv"]
[Site "Tel Aviv"]
[Date "1992.??.??"]
[Round "10"]
[White "Beim, Valery"]
[Black "Kagan, Shimon"]
[Result "1/2-1/2"]
[WhiteElo "2485"]
[BlackElo "2380"]
[Annotator "Ribli,Z"]
[PlyCount "109"]
[EventDate "1992.04.??"]
[EventType "tourn"]
[EventRounds "11"]
[EventCountry "ISR"]
[EventCategory "11"]
[SourceTitle "CBM 030"]
[Source "ChessBase"]
[SourceDate "1992.10.01"]
[SourceVersion "1"]
[SourceVersionDate "1992.10.01"]
[SourceQuality "1"]

1. b3 Nf6 2. Bb2 e6 3. Nf3 d5 4. g3 Be7 5. Bg2 O-O 6. O-O b6 7. c4 Bb7 8. cxd5
Nxd5 9. d4 c5 (9... Nd7 10. Re1 $1 c5 11. e4 N5f6 12. Nc3 a6 13. d5 exd5 14. e5
$1 $16 {Hertneck,G-Arlandi,E Mitropa-Cup 1990 CBM/20}) 10. e4 (10. dxc5 $5 Bxc5
11. Nbd2 Na6 12. a3 $1 Be7 13. b4 Rc8 14. Qb3 Nf6 15. Nd4 $14 {Spraggett,
K-Magem Badals,J Terrassa 1990 CBM/19}) 10... Nf6 11. e5 Nd5 12. dxc5 Bxc5 13.
Nbd2 Nc6 14. a3 Rc8 15. Qe2 Be7 16. Rfd1 Qd7 17. Ne4 Rfd8 (17... Na5 $2 18.
Nf6+ $1 gxf6 19. exf6 Bd6 20. Ne5 Bxe5 21. Qg4+ $18) 18. b4 Qe8 19. h4 Qf8 20.
Bh3 h6 21. Nh2 a5 $1 22. b5 Nb8 23. Nf3 (23. Ng4 $5) 23... Nd7 24. Nd4 Nc5 25.
Nxc5 Rxc5 26. Bg2 Rdc8 27. Be4 Qd8 28. Bb1 Kh8 $1 $10 29. a4 Qf8 30. Ra3 Nb4
31. Re3 Rd8 32. Ba3 Rcd5 33. Bxb4 Bxb4 34. Red3 Qc5 35. Nc6 Bxc6 36. bxc6 Qxc6
37. Rxd5 Rxd5 38. Rxd5 Qxd5 39. Qd3 Kg8 40. Qxd5 exd5 41. Ba2 d4 42. Bc4 Kf8
43. h5 Ke7 44. Kf1 f6 45. exf6+ Kxf6 46. f3 Kg5 47. g4 Kf4 48. Ke2 Be7 49. Ba6
Bf6 50. Bb5 Ke5 51. Ba6 Kd5 52. Bd3 Kc5 53. Ba6 Kb4 54. Bb5 Kc3 55. Ba6 1/2-1/2

[Event "Munich"]
[Site "Munich"]
[Date "1990.??.??"]
[Round "?"]
[White "Hickl, Joerg"]
[Black "Bischoff, Klaus"]
[Result "0-1"]
[WhiteElo "2500"]
[BlackElo "2505"]
[Annotator "Ribli,Z"]
[PlyCount "88"]
[EventDate "1990.04.??"]
[EventType "tourn"]
[EventRounds "11"]
[EventCountry "GER"]
[EventCategory "13"]
[SourceTitle "CBM 018"]
[Source "ChessBase"]
[SourceDate "1990.10.01"]
[SourceVersion "1"]
[SourceVersionDate "1990.10.01"]
[SourceQuality "1"]

1. g3 d5 2. Nf3 Nf6 3. Bg2 e6 4. O-O Be7 5. c4 O-O 6. b3 b6 7. Bb2 Bb7 8. d3 c5
9. e3 Nbd7 10. Nc3 Qc7 11. Qe2 Rad8 $1 (11... a6 12. Rfd1 Bc6 13. d4 dxc4 14.
bxc4 cxd4 15. exd4 Rfd8 {Pigusov,E-Nun,Ji/ Sochi-A 1989/ 1/2-1/2 (24)}) 12.
Rfd1 Qb8 13. Rac1 Qa8 14. Ne1 Rfe8 15. e4 Qb8 16. f4 d4 17. Nb1 e5 $1 18. f5 g6
19. g4 gxf5 20. gxf5 (20. exf5 e4 $1 21. g5 exd3 22. Nxd3 Bd6 $17) 20... Bf8
21. Rc2 Bh6 22. Bc1 Bxc1 23. Rdxc1 Kf8 $1 24. Bf3 Ke7 25. Qd1 Rg8+ $15 26. Rg2
Rxg2+ 27. Nxg2 Rg8 28. Qe1 Qf8 29. Qh4 Qg7 30. Nd2 h6 31. Nf1 Qg5 32. Qxg5 hxg5
33. h3 $2 (33. Ng3 $15) 33... Rh8 34. Kh2 g4 35. Be2 Rxh3+ $17 36. Kg1 Nf8 37.
Nh2 N8h7 38. Rd1 g3 39. Ng4 Nxg4 40. Bxg4 Rh2 41. Rf1 Ng5 42. a4 Kf6 43. a5
bxa5 44. Ra1 Nxe4 0-1